Statistics for Five Biggest Countries by Containing Letter in Order

Click here to take the quiz!

General Stats

  • This quiz has been taken 84 times
  • The average score is 29 of 55

Answer Stats

Letter(s) Country % Correct
A5, B1, I4, L1, R2, Z1Brazil
100%
A1, I1, R1, S1, U1Russia
99%
A2, C1, D1, N1Canada
97%
A4, D2, E1, I3, N3, S2, T1, U2United States
97%
A3, C2, H1, I2, N2China
94%
H2, K1, T4, Z2Kazakhstan
91%
C4, E5, M2, O2, X1Mexico
85%
Q4Qatar
82%
Q1, Z5Mozambique
79%
B2, C3, D4, E4, F1, G3, H3, L4, M1, O1, P1, T5DR Congo
79%
I5, L2, R3, S3, T2, U3Australia
79%
J1Japan
78%
E2, G1, N5, R4, T3Argentina
78%
D3, N4India
76%
V2, Z4Venezuela
75%
F4France
73%
B3, D5, S4, U4Saudi Arabia
70%
E3, G2, L3, R5Algeria
70%
J3Jordan
66%
B4, L5, Y1Libya
63%
V3Vietnam
63%
S5, U5Sudan
63%
M3, G4, O4Mongolia
61%
K2, P5Pakistan
60%
P2Peru
58%
K3, Y3Turkey
54%
C5, H4Chad
54%
Y5Yemen
52%
Q2Iraq
51%
P4, Y2Egypt
51%
K4Ukraine
49%
F2, H5South Africa
46%
Z3Tanzania
46%
G5Niger
45%
M4Mali
45%
K5, Y4Kenya
45%
F3Afghanistan
42%
W3Sweden
39%
B5, M5Colombia
37%
X2Luxembourg
34%
J2Tajikistan
31%
O3Indonesia
31%
J5Djibouti
28%
W5Norway
25%
W1Botswana
24%
V1Bolivia
22%
Q3Equatorial Guinea
22%
P3Ethiopia
19%
J4Azerbaijan
19%
F5C.A.R.
18%
W4Zimbabwe
16%
O5Angola
15%
W2P.N.G.
12%
V5Latvia
7%
V4Cote d'Ivoire
1%

Score Distribution

Percentile by Number Answered

Percent of People with Each Score

Your Score History

You have not taken this quiz